<?xml version="1.0" encoding="UTF-8"?><?xml-stylesheet type="text/xsl" href="static/style.xsl"?><OAI-PMH xmlns="http://www.openarchives.org/OAI/2.0/" xmlns:xsi="http://www.w3.org/2001/XMLSchema-instance" xsi:schemaLocation="http://www.openarchives.org/OAI/2.0/ http://www.openarchives.org/OAI/2.0/OAI-PMH.xsd"><responseDate>2026-04-13T02:10:05Z</responseDate><request verb="GetRecord" identifier="oai:www.recercat.cat:2117/98008" metadataPrefix="marc">https://recercat.cat/oai/request</request><GetRecord><record><header><identifier>oai:recercat.cat:2117/98008</identifier><datestamp>2025-07-22T23:42:22Z</datestamp><setSpec>com_2072_1033</setSpec><setSpec>col_2072_452951</setSpec></header><metadata><record xmlns="http://www.loc.gov/MARC21/slim" xmlns:dcterms="http://purl.org/dc/terms/" xmlns:xsi="http://www.w3.org/2001/XMLSchema-instance" xmlns:doc="http://www.lyncode.com/xoai" xsi:schemaLocation="http://www.loc.gov/MARC21/slim http://www.loc.gov/standards/marcxml/schema/MARC21slim.xsd">
   <leader>00925njm 22002777a 4500</leader>
   <datafield ind2=" " ind1=" " tag="042">
      <subfield code="a">dc</subfield>
   </datafield>
   <datafield ind2=" " ind1=" " tag="720">
      <subfield code="a">Martín Álvarez, María del Encinar</subfield>
      <subfield code="e">author</subfield>
   </datafield>
   <datafield ind2=" " ind1=" " tag="260">
      <subfield code="c">2016</subfield>
   </datafield>
   <datafield ind2=" " ind1=" " tag="520">
      <subfield code="a">This Project offers a theoretical study based on simulations that analyses macro porous silicon structures and how to modify them to control their properties by using MATLAB and MIT (Massachusetts Institute of Technology) specific software MPB and MEEP; controlling the material behavior against a specific wavelength will allow us to design high performance devices for specific purposes such as optical filtering and gas detection.</subfield>
   </datafield>
   <datafield ind2=" " ind1=" " tag="520">
      <subfield code="a">En el presente trabajo se ofrece un estudio teórico basado en simulaciones mediante los programas de software MPB y MEEP, desarrollados por el MIT (Massachusetts Institute of Technology) y MATLAB, que analiza el comportamiento de las estructuras de silicio macroporosas y cómo modificarlas para controlar sus propiedades; el control de la respuesta del material ante una determinada longitud de onda permitirá el diseño de dispositivos de alto rendimiento y reducido tamaño para funciones específicas como el filtrado óptico o la detección de gas.</subfield>
   </datafield>
   <datafield ind2=" " ind1=" " tag="520">
      <subfield code="a">En el present treball s’ofereix un estudi teòric basat en simulacions&#xd;
mitjançant els programes de software MPB y MEEP, desenvolupats pel MIT&#xd;
(Massachusetts Institute of Technology) i MATLAB, que analitza el&#xd;
comportament de las estructures de silici macroporoses y com modificarles&#xd;
per controlar les seves propietats; el control de la resposta del&#xd;
material en front una determinada longitud d’onda permetrà el disseny de&#xd;
dispositius d’alt rendiment i reduïdes dimensions per a funcions&#xd;
específiques com el filtrat òptic o la detecció de gas.</subfield>
   </datafield>
   <datafield tag="653" ind2=" " ind1=" ">
      <subfield code="a">Àrees temàtiques de la UPC::Enginyeria de la telecomunicació</subfield>
   </datafield>
   <datafield tag="653" ind2=" " ind1=" ">
      <subfield code="a">Computer simulation</subfield>
   </datafield>
   <datafield tag="653" ind2=" " ind1=" ">
      <subfield code="a">Microelectronics</subfield>
   </datafield>
   <datafield tag="653" ind2=" " ind1=" ">
      <subfield code="a">Silicon</subfield>
   </datafield>
   <datafield tag="653" ind2=" " ind1=" ">
      <subfield code="a">silicon</subfield>
   </datafield>
   <datafield tag="653" ind2=" " ind1=" ">
      <subfield code="a">simulations</subfield>
   </datafield>
   <datafield tag="653" ind2=" " ind1=" ">
      <subfield code="a">microelectronics</subfield>
   </datafield>
   <datafield tag="653" ind2=" " ind1=" ">
      <subfield code="a">Silicio</subfield>
   </datafield>
   <datafield tag="653" ind2=" " ind1=" ">
      <subfield code="a">Simulaciones por ordenador</subfield>
   </datafield>
   <datafield tag="653" ind2=" " ind1=" ">
      <subfield code="a">microelectrónica</subfield>
   </datafield>
   <datafield tag="653" ind2=" " ind1=" ">
      <subfield code="a">Simulació per ordinador</subfield>
   </datafield>
   <datafield tag="653" ind2=" " ind1=" ">
      <subfield code="a">Microelectrònica</subfield>
   </datafield>
   <datafield tag="653" ind2=" " ind1=" ">
      <subfield code="a">Silici</subfield>
   </datafield>
   <datafield ind2="0" ind1="0" tag="245">
      <subfield code="a">Simulación del comportamiento de cristales fotónicos para procesado óptico</subfield>
   </datafield>
   <datafield ind2="0" ind1="0" tag="245">
      <subfield code="a">Simulation of photonic crystals for integrated light processing</subfield>
   </datafield>
   <datafield ind2="0" ind1="0" tag="245">
      <subfield code="a">Simulació del comportament de cristalls fotònics per processat òptic</subfield>
   </datafield>
</record></metadata></record></GetRecord></OAI-PMH>